000 00268nam a22001097a 4500
008 170118b xxu||||| |||| 00| 0 eng d
020 _a9780323018227
041 _aeng
080 _221ST
_a618.2
245 _aMOSBY'S PHARMACOLOGY IN NURSING
_cSALERNO, M
942 _2udc
_cBK
999 _c3083
_d3083